00000000nam 22000008i 4500
0019.915890
003CaOODSP
00520230207132641
006m     o  d f      
007cr cn|||||||||
008221003t20222022quca    o    f000 0 eng d
020 |a9780660456874
040 |aCaOODSP|beng|erda|cCaOODSP
043 |an-cn---
0861 |aEn4-492/2022E-PDF
24500|aExceptions for single-use plastic flexible straws.
264 1|a[Gatineau, Quebec] : |bEnvironment and Climate Change Canada = Environnement et changement climatique Canada, |c2022.
264 4|c©2022
300 |a1 online resource (2 pages) : |billustrations
336 |atext|btxt|2rdacontent
337 |acomputer|bc|2rdamedia
338 |aonline resource|bcr|2rdacarrier
500 |aIssued also in French under title: Exceptions pour les pailles flexibles en plastique à usage unique.
650 0|aDrinking straws|zCanada.
650 0|aPlastics|xGovernment policy|zCanada.
7101 |aCanada. |bEnvironment and Climate Change Canada, |eissuing body.
77508|tExceptions pour les pailles flexibles en plastique à usage unique.|w(CaOODSP)9.915895
85640|qPDF|s1.58 MB|uhttps://publications.gc.ca/collections/collection_2023/eccc/En4-492-2022-eng.pdf
986 |aEC22035